<?xml version="1.0" encoding="UTF-8"?>
<record
    xmlns:xsi="http://www.w3.org/2001/XMLSchema-instance"
    xsi:schemaLocation="http://www.loc.gov/MARC21/slim http://www.loc.gov/standards/marcxml/schema/MARC21slim.xsd"
    xmlns="http://www.loc.gov/MARC21/slim">

  <leader>00697nam a22001817a 4500</leader>
  <controlfield tag="008">200213b        xxu||||| |||| 00| 0 eng d</controlfield>
  <datafield tag="020" ind1=" " ind2=" ">
    <subfield code="a">9993304255</subfield>
  </datafield>
  <datafield tag="082" ind1=" " ind2=" ">
    <subfield code="a">N303.6</subfield>
    <subfield code="b">Po377s</subfield>
  </datafield>
  <datafield tag="100" ind1=" " ind2=" ">
    <subfield code="a">Poudyal, Durga prasad</subfield>
  </datafield>
  <datafield tag="241" ind1=" " ind2=" ">
    <subfield code="a">Sangkatgrasta Nepal:Astitwa ko khojima</subfield>
  </datafield>
  <datafield tag="245" ind1=" " ind2=" ">
    <subfield code="a">&#x938;&#x919;&#x94D;&#x915;&#x91F;&#x917;&#x94D;&#x930;&#x938;&#x94D;&#x924; &#x928;&#x947;&#x92A;&#x93E;&#x932; &#x905;&#x938;&#x94D;&#x924;&#x93F;&#x924;&#x94D;&#x935;&#x915;&#x94B; &#x916;&#x94B;&#x91C;&#x940;&#x92E;&#x93E;&#x903;</subfield>
    <subfield code="b">&#x935;&#x93F;&#x936;&#x94D;&#x932;&#x947;&#x937;&#x923; &#x930; &#x935;&#x93F;&#x91A;&#x93E;&#x930;&#x939;&#x930;&#x941;&#x915;&#x94B; &#x938;&#x901;&#x917;&#x93E;&#x932;&#x94B;</subfield>
  </datafield>
  <datafield tag="260" ind1=" " ind2=" ">
    <subfield code="a">Kathmandhu:</subfield>
    <subfield code="b">Ratna pustak bhandar,</subfield>
    <subfield code="c">2060.B.S.</subfield>
  </datafield>
  <datafield tag="300" ind1=" " ind2=" ">
    <subfield code="a">171p.;illus.</subfield>
  </datafield>
  <datafield tag="504" ind1=" " ind2=" ">
    <subfield code="a">Bibliography .At the end of chapter.</subfield>
  </datafield>
  <datafield tag="650" ind1=" " ind2=" ">
    <subfield code="a">Socila science</subfield>
  </datafield>
  <datafield tag="650" ind1=" " ind2=" ">
    <subfield code="a">Conflict &amp; resolution</subfield>
  </datafield>
  <datafield tag="942" ind1=" " ind2=" ">
    <subfield code="2">ddc</subfield>
    <subfield code="c">ISBN</subfield>
  </datafield>
  <datafield tag="999" ind1=" " ind2=" ">
    <subfield code="c">93468</subfield>
    <subfield code="d">93457</subfield>
  </datafield>
  <datafield tag="952" ind1=" " ind2=" ">
    <subfield code="0">0</subfield>
    <subfield code="1">0</subfield>
    <subfield code="2">ddc</subfield>
    <subfield code="4">0</subfield>
    <subfield code="7">0</subfield>
    <subfield code="a">TUCL</subfield>
    <subfield code="b">TUCL</subfield>
    <subfield code="d">2020-02-13</subfield>
    <subfield code="l">0</subfield>
    <subfield code="o">N303.6 Po377s</subfield>
    <subfield code="p">IS3528</subfield>
    <subfield code="r">2020-02-13 00:00:00</subfield>
    <subfield code="w">2020-02-13</subfield>
    <subfield code="y">ISBN</subfield>
  </datafield>
</record>
